000 00577nam a22002297a 4500
003 UA-OsUOA
001 136601
007 ta
008 20190402b un ||||| |||| 00| 0 ukr d
100 _aШатило А.
090 _a821
_bШ28
942 _cBK
040 _aUA-OsUOA
_bukr
_cUA-OsUOA
_dUA-OsUOA
245 _aСкибинські хлібодари
300 _a107 с.
955 _a3
041 _aukr
080 _a821
260 _aК.
_bУрожай
_c1985
650 7 _a82 Література. Літературознавство
_2UDC
999 _c409886
_d409886